Central Library OPAC University of Rajshahi
Normal view MARC view

Entry Personal Name

Number of records used in: 3

001 - CONTROL NUMBER

  • control field: 1953

003 - CONTROL NUMBER IDENTIFIER

  • control field: BD-RjUL

005 - DATE AND TIME OF LATEST TRANSACTION

  • control field: 20220322100029.0

008 - FIXED-LENGTH DATA ELEMENTS

  • fixed length control field: 220322|| aca||aabn | a|a d

040 ## - CATALOGING SOURCE

  • Original cataloging agency: BD-RjUL
  • Transcribing agency: BD-RjUL

100 ## - HEADING--PERSONAL NAME

  • Personal name: المقريزي، احمد بن علي، ʻMaqrīzī, Aḥmad ibn
  • Dates associated with a name: 1364-1442

670 ## - SOURCE DATA FOUND

  • Source citation: Work cat.: (BD-RjUL)79590: المقريزي، احمد بن علي، ʻMaqrīzī, Aḥmad ibn 1364-1442, كتاب الخطط المقريزية : المسماة بالمواعظ والإعتبار بذكر الخطط والٱثار، يختص ذلك بأخبار إقليم مصر والنيل وذكر القاهرة وما يتعلق بها وباقليمها ;; Kitāb al-khiṭaṭ al-Maqrīzīyah : al-musammāh; bi-al-Mawāʻiẓ wa-al-iʻtibār bi dhikr al-khiṭaṭ wa-al-Āthār, yakhtaṣṣu dhālika bi-akhbār iqlīm Miṣr wa-al-Nīl wa-dhikr al-Qāhirah wa-mā yataʻallaqu bi-hā wa-bi-iqlīmihā /, 1959]